000
00344nam a2200133Ia 4500
008
100328s9999 xx 000 0 und d
082
_b
29095
100
_a
काळे वैजयंती
245
_a
मदहोश.
260
_b
राजेंद्र
630
_a
मदहोश.
730
_a
मदहोश.
942
_c
BOOK
999
_c
520197
_d
520194